Представление документа в формате RUSMARC

ПолеНазваниеЗначение
  Тип записи a
  Библиографический уровень m
001 Контрольный номер RU/УОНБ/EK/566071312
005 Дата корректировки 20250520131036.3
010 Индекс ISBN __
a ISBN 5-289-00002-Х
d Цена 25 к.
9 Тираж 38000 экз.
100 Данные общей обработки __
a Данные общей обработки 20171208d1988 u y0rusy0189||||ca
101 Язык документа 0_
a Язык текста rus
102 Страна публикации __
a Страна публикации RU
105 Кодированные данные (монография) __
a Кодированные данные (монография) y z 001yy
200 Заглавие и сведения об ответственности 1_
a Заглавие Век XX
e Сведения, относящиеся к заглавию экология и идеология
f Первые сведения об ответственности А.А. Алиев, В.В. Случевский
210 Выходные данные 1_
a Место издания Ленинград
c Издательство Лениздат
d Дата издания 1988
215 Физическое описание __
a Объем 109, [2] с.
d Формат 17 см
225 Серия 1_
a Серия Мифы и реальность: на фронтах идеологической борьбы
320 Библиография __
a Библиография Библиогр.: с. 109-110
606 Тематические рубрики 0_
a Основная рубрика Социальная экология
606 Тематические рубрики 0_
a Основная рубрика Идеологическая борьба
686 Индексы других классификаций __
a Классификационный индекс 60.550.03
2 Код системы rubbk
700 Автор _1
a Фамилия Алимов
b Имя (инициалы) А.А.
g Полное личное имя Андрей Алексеевич
701 Альтернативная интеллектуальная ответственность _1
a Фамилия Случевский
b Имя (инициалы) В.В.
801 Источник записи _0
a Страна RU
b Организация Ульяновская ОНБ
c Дата составления 20171208
g Правила каталогизации RCR
801 Источник записи _1
a Страна RU
b Организация Ульяновская ОНБ
c Дата составления 20171208
g Правила каталогизации RCR
901 Тип документа __
t Тип документа m
909 Создатель записи __
a Создатель записи Бнатова
938 Служебная информация __
a Имя БД retro
b Имя библиотеки УОНБ
c Имя АИБС МАРК-SQL
d Номер DOC_ID в БД 237532